Multiple Choice City Quiz – Varanasi - Statistics

General Stats
  • This quiz has been taken 27 times
    25 since last reset
  • The average score is 7 of 10
Answer Stats
Question Answer % Correct
In which Indian state is Varanasi located? Uttar Pradesh
100%
Which god founded Varanasi according to legend? Shiva
93%
Which activity is believed by hindus to be most fruitful if conducted in Varanasi? Cremation of the dead
86%
Which river flows past Varanasi? Ganges
86%
Which street drink can you buy in Varanasi with an infusion of cannabis? Bhang thandai
79%
Which Varanasi-born musician played the sitar with a member of the Beatles? Ravi Shankar
79%
What are the Varanasi ghats? Sacred riverfront steps
71%
Who became member of parliament in 2014, representing Varanasi? Narendra Modi
64%
What did the Buddha do in the suburb of Sarnath? Gave his first sermon
43%
What animals appear on the state emblem of India, which is based on a statue discovered in Varanasi? Lions
43%
No matching quizzes found
Score Distribution
Percent of People with Each Score
Percentile by Number Answered
Your Score History
You have not taken this quiz since the last reset